Kováčska vyhňa v Spišských Tomášovciach súrne potrebuje finančnú injekciu vznik budovy dokumentuje starý nápis na tráme

Bibliographic Details
Main Author: Šoltísová, Eva (Author)
Format: Article
Language:Slovak
PhysicalDescription:Fotogr.
ISSN:1339-9535
Subjects:
Online Access:https://spis.korzar.sme.sk/c/7895629/kovacska-vyhna-surne-potrebuje-financnu-injekciu.html

MARC

LEADER 00000nab a2200000 ar4500
001 vtls011619892
003 SK-MaSNL
005 20260305040255.0
008 170323c 2015xo mr|p|||||||000 b|slo
038 |a SNSK 
040 |b slo  |c SNSK  |e AACR2 
041 |a slo 
044 |a xo  |c SK 
080 |a 682.3  |2 2011 
080 |a 904  |x (437.672)  |2 2011 
080 |a 631.24  |2 2011 
100 1 |a Šoltísová, Eva  |4 aut  |9 896041 
245 1 0 |a Kováčska vyhňa v Spišských Tomášovciach súrne potrebuje finančnú injekciu  |b vznik budovy dokumentuje starý nápis na tráme  |c Eva Šoltísová 
300 |b Fotogr. 
650 0 7 |a kováčstvo  |2 snsk  |9 3072 
650 0 7 |a kováčske vyhne  |2 snsk  |9 923553 
650 0 7 |a sýpky  |2 snsk  |9 220882 
650 0 7 |a rekonštrukcie  |2 snsk  |9 24616 
651 7 |a Spišské Tomášovce (Slovensko)  |2 snsk  |9 56905 
651 7 |a Spišská Nová Ves (Slovensko : okres)  |2 snsk  |9 22259 
773 0 |t Noviny Spiša : týždenník pre: okresy poprad, Sp. N. Ves, Kežmarok, St. Ľubovňa, Gelnica, Levoča  |g Roč. 01, č. 9 (7.7.2015- 13.7.2015), s. 8  |x 1339-9535 
852 |a SNSK  |b KIS3GCP 
856 4 1 |u https://spis.korzar.sme.sk/c/7895629/kovacska-vyhna-surne-potrebuje-financnu-injekciu.html 
999 |c 3337593  |d 3339523